| 000 | 00578nam a2200181Ia 4500 | ||
|---|---|---|---|
| 008 | 230921s9999||||xx |||||||||||||| ||und|| | ||
| 020 | _a978-3-658-19787-2 | ||
| 022 | _a2567-3157 | ||
| 041 | _aEN | ||
| 100 | _aNils Witte | ||
| 245 | 0 | _aNegotiating the Boundaries of Belonging | |
| 250 | _a1st ed. 2018 | ||
| 260 |
_c2018 _bSpringer Fachmedien Wiesbaden |
||
| 440 | _aStudien zur Migrations- und Integrationspolitik | ||
| 856 | _uhttps://doi.org/10.1007/978-3-658-19787-2 | ||
| 856 | _uhttps://link.springer.com/openurl?genre=book&isbn=978-3-658-19787-2 | ||
| 942 | _cEB | ||
| 999 |
_c245331 _d245331 |
||